000 00404nam a2200157 i 4500
001 bg
100 1 _aLITWINOW, B. A.
245 0 _aGeofiziceskoje instrumentovedenije /
_cB.A. Woronkow, W.M. Lobacew, W.W. Woronkow.
260 _aMoskwa,
_c1971.
700 1 _aLOBACEV, W. M.
700 1 _aWORONKOW, W. W.
040 _cBPK
041 _apol
942 _cKS
008 s pl f |000 0 pol
999 _c9164
_d9164
856 _uhttp://koha.tu.koszalin.pl/cgi-bin/koha/opac-detail.pl?biblionumber=9164
_yKatalog online BPK